Statistiken für Gebirge und Gewässer des Orients

Klicken Sie hier um das Quiz zu spielen!

Allgemein

  • Dieses Quiz wurde 125 mal gespielt
    (72 seit der letzten Aktualisierung)
  • Das Durchschnittsergebnis liegt bei 9 aus 19

Antwortstatistiken

Antwort% Korrekt
Mittelmeer
94%
Schwarzes Meer
91%
Atlantik
85%
Nil
79%
Indischer Ozean
74%
Rotes Meer
71%
Euphrat
68%
Kaspisches Meer
65%
Tigris
59%
Persischer Golf
50%
Indus
35%
Atlasgebirge
32%
Hindukush-gebirge
21%
Ahaggar
12%
Taurusgebirge
12%
Zagros-gebirge
9%
Elbursgebirge
6%
Ennedi
6%
Tibesti
6%

Verteilung der Resultate

Perzentil nach korrekt beantworteten Fragen

Anzahl Personen mit jedem Resultat

Ihre Resultats-Entwicklung

Sie haben dieses Quiz seit der letzten Aktualisierung nicht gespielt